U czy Ó - Statystyki

Ogólne statystyki
  • Ten quiz został rozwiązany 60 razy
  • Średni wynik to 28 z 30
Statystyki odpowiedzi
Hint Odpowiedź % Poprawnych
G_ra Ó
100%
Sz_kać U
98%
A_torytet U
98%
H_mor U
98%
A_to U
98%
B_dynek U
98%
Krak_w Ó
96%
Wr_g Ó
96%
Kartk_wka Ó
96%
Krzyż_wka Ó
96%
Mal_jesz U
96%
Podar_nku U
96%
C_kier U
96%
Chm_ra U
96%
C_dzysłów U
96%
Ubi_r Ó
94%
Kr_l Ó
94%
R_ża Ó
94%
M_zg Ó
94%
_pał U
94%
G_zik U
94%
Kom_rka Ó
93%
N_ż Ó
93%
B_l Ó
93%
H_śtawka U
93%
Og_rek Ó
91%
Gł_d Ó
89%
W_jek U
87%
S_l Ó
85%
R_wieśnik Ó
85%
Nie znaleziono quizów pasujących do podanych kryteriów
Rozkład punktacji
Procent ludzi z każdym wynikiem
Percentyl według liczby udzielonych odpowiedzi
Twoja historia wyników
Nie rozwiązałeś tego quizu